[Event "Pennant A"]
[Site "Adelaide"]
[Date "1998.11.10"]
[Round "5.2"]
[White "Sarma, Venu"]
[Black "Ayris, Tony"]
[Result "0-1"]
[WhiteElo "1465"]
[BlackElo "1900"]
[Annotator "Fritz 5.00 - Anderson-Smith,W"]
[PlyCount "64"]
[EventDate "1998.10.13"]
[EventType "team"]
[EventRounds "6"]
[EventCountry "AUS"]

1. d4 Nf6 2. c4 c5 3. d5 e6 4. Nc3 exd5 5. cxd5 d6 6. g3 g6 7. Bg2 Bg7 8. Nf3
O-O 9. O-O {Benoni Defence, Fianchetto Variation} Na6 (9... a6 10. a4 Re8 11.
Nd2 Nbd7 12. h3 Rb8 13. Nc4 Ne5 (13... Nb6 14. Na3 Bd7 15. a5 (15. e4 Nc8 16.
Qd3 Qc7 17. Be3 Na7 18. Rfc1 b5 19. b4 c4 20. Qd2 bxa4 21. Nxc4 Qxc4 22. Bxa7
Rbc8 23. e5 Rxe5 24. Nxa4 Re2 25. Rxc4 Rxd2 26. Rxc8+ Bxc8 27. Rc1 Bf5 28. Rc6
Nxd5 29. Rxd6 Rd1+ 30. Kh2 Ne3 31. Rb6 Be5 32. fxe3 Rd2 33. Nc5 {
1-0 Birnboim,N-Gruenfeld,Y/ISR-ch 1986/CBM 01}) 15... Nc8 16. Nc4 Qc7 17. Bd2
b5 18. axb6 Nxb6 19. Na5 Bb5 20. Re1 Nfd7 21. Qb3 Ne5 22. Nxb5 axb5 23. Nc6
Nbc4 24. Bc3 Nxc6 25. dxc6 Bxc3 26. Qxc3 {
1/2-1/2 Tal,M-Andersson,U/Biel izt 1976/IZT}) 14. Na3 Nh5 15. e4 Rf8 16. Kh2 f5
17. f4 b5 18. axb5 axb5 19. Naxb5 fxe4 20. Bxe4 Bd7 21. Qe2 Qb6 22. Na3 Rbe8
23. Bd2 Qxb2 24. fxe5 Bxe5 25. Nc4 Nxg3 26. Rxf8+ Rxf8 27. Qe1 Nxe4+ 28. Kg2
Qc2 29. Nxe5 Rf2+ 30. Qxf2 Nxf2 31. Ra2 Qf5 32. Nxd7 Nd3 33. Bh6 Qxd7 34. Ra8+
Kf7 35. Rh8 Kf6 36. Kf3 Qxh3+ {
0-1 Kortschnoj,V-Kasparov,G/Luzern olm 1982/BIG 80}) 10. e4 Nc7 $146 (10... Re8
11. Re1 Nc7 (11... Bg4 12. Bf4 Nh5 13. h3 Bxf3 14. Qxf3 Nxf4 15. gxf4 Rb8 16.
Bf1 Nc7 17. a4 b6 18. Rad1 a6 19. e5 dxe5 20. d6 Ne6 21. fxe5 Qg5+ 22. Qg2
Qxg2+ 23. Kxg2 Nd4 24. f4 b5 25. axb5 axb5 26. Ne4 Ne6 27. Kg3 g5 28. f5 Bxe5+
29. Kg4 Nd4 30. d7 Red8 31. Nxc5 f6 32. Bg2 b4 33. Rxe5 fxe5 34. Re1 Kf7 35.
Rxe5 Kf6 36. Rd5 Ne2 37. Ne4+ Ke7 38. f6+ Kf7 39. Nxg5+ Kxf6 40. Rd6+ Ke7 41.
Re6+ Kxd7 42. Rxe2 Rg8 43. Kh5 Rb5 44. h4 Rf5 45. Bh3 {
1-0 Giese,R-Puhlmann,R/GER-CupT 1991/TD 91\01}) 12. a4 Bg4 (12... Rb8 13. Bf4
Bg4 14. h3 Bxf3 15. Bxf3 a6 16. Qd3 b5 17. axb5 axb5 18. Rad1 b4 19. Na4 Nb5
20. e5 Nd7 21. exd6 Nd4 22. Bg2 g5 23. Bd2 Ne5 24. Rxe5 Bxe5 25. Nxc5 Qxd6 26.
Ne4 Qg6 27. Be3 {Polyak,I-Somogyi,I/HUN-chT 1992/TD 92\10/1-0 (37)}) 13. Qb3
Na6 14. Bf4 Nb4 15. Rad1 Qb6 16. h3 Bxf3 17. Bxf3 Nbxd5 18. Qxb6 Nxb6 19. Bxd6
Nfd7 20. Nb5 Ne5 21. Bg2 Red8 22. b3 c4 23. a5 Nbd7 24. bxc4 a6 25. Na3 Rac8
26. f4 Nc6 27. e5 Bf8 28. Rd5 Nb4 29. Rd2 Nc5 30. Red1 Nc6 31. Bxc6 Rxc6 32.
Bxf8 Rxd2 33. Rxd2 Kxf8 34. Rb2 f6 35. exf6 Kf7 36. Nc2 Kxf6 37. Nb4 Re6 38.
Kf2 Re4 39. Rc2 Nb3 40. Nd3 Nxa5 41. Ne5 Rd4 42. Ke3 Rd8 43. Rb2 Rd1 44. Rb6+
Kg7 45. Ke4 {Hoelzl,F-Valiente R,C/Novi Sad olm 1990/TD 90\06/1/2-1/2 (63)}) (
10... Bg4 11. h3 Bxf3 12. Qxf3 Nd7 13. Qe2 Re8 14. Bf4 Ne5 15. Be3 c4 16. Bd4
Qa5 17. a4 Nc5 18. Nb5 Nb3 19. Bc3 Qb6 20. Rad1 Rac8 21. Kh2 Nd3 22. Bxg7 Kxg7
23. Na3 Qb4 24. Nxc4 Rxc4 25. Qxd3 {
Rashkovsky,N-Kotsur,P/Kurgan 1993/EXP 38/1-0 (68)}) 11. a4 Re8 12. Nd2 b6 13.
Nc4 Ba6 14. Qb3 Ng4 {The bishop aims for Bf6-g4-e5-d4} 15. Nb5 Bxb5 16. axb5
Ne5 17. Nxe5 Bxe5 ({Weaker is} 17... dxe5 18. Rd1 $14) 18. f4 $17 (18. Re1 $5
$11 {might be a viable alternative}) 18... Bd4+ {Here comes the goal-getter}
19. Kh1 Qd7 {Attacks the isolani on b5} 20. e5 {White wins space} Qxb5 $15 (
20... dxe5 21. d6 Nxb5 22. fxe5 Bxe5 23. Rxf7 Qxf7 24. Bd5 Nxd6 25. Bh6 $17)
21. Qxb5 Nxb5 22. e6 a5 (22... fxe6 $6 23. dxe6 Rac8 24. Bb7 $14) 23. f5 gxf5
24. exf7+ $19 (24. Rxf5 $142 $5 {is worthy of consideration} Rf8 25. Bh6 fxe6
26. Rg5+ Kf7 27. dxe6+ Kxe6 28. Re1+ Be5 29. Rh5 $11) 24... Kxf7 25. Rxf5+ Kg7
26. Bf4 (26. Bf1 $142 $5 Nc7 27. Rb1 $17) 26... Be5 $17 (26... Bxb2 $142 {
and the scales tip in favour of Black} 27. Rb1 a4 28. Rxb2 Re1+ 29. Bf1 a3 $19)
27. Rf1 $2 $19 (27. Rg5+ $142 Kf6 28. Rf1 Bxf4 29. Rg4 $15) 27... Bxf4 $17 (
27... Bxb2 $142 {and Black can already relax} 28. Rb1 a4 29. Rxb2 Re1+ 30. Bf1
a3 $19) 28. R5xf4 Rf8 29. Rg4+ Kh8 30. Re1 $19 (30. Rh4 Rae8 $17) 30... Rae8 {
Threatening mate: Rxe1} 31. Re6 Nd4 32. Rxd6 $4 {
White has lost his nerve... understandable when you consider his position} (32.
Rxe8 $142 Rxe8 33. Be4 $19) 32... Re1+ (32... Re1+ 33. Bf1 {
White is forced to give material back} Rexf1+ (33... Rfxf1+ $6 34. Kg2 Rf8 35.
Kh3 $19) 34. Kg2 R1f2+ 35. Kh3 Rxb2 $19) 0-1

[Event "Pennant A"]
[Site "Adelaide"]
[Date "1998.11.10"]
[Round "5.3"]
[White "Benham, Christopher"]
[Black "Yang, Song"]
[Result "0-1"]
[WhiteElo "1640"]
[BlackElo "1329"]
[Annotator "Fritz 5.00 - Anderson-Smith,W"]
[PlyCount "36"]
[EventDate "1998.10.13"]
[EventType "team"]
[EventRounds "6"]
[EventCountry "AUS"]

1. e4 c5 2. Nc3 {Sicilian Defence, Closed System} Nc6 3. g3 g6 4. Bg2 Bg7 5.
Nge2 (5. d3 d6 6. Nge2 e6 7. O-O Nge7 8. Bg5 O-O 9. Qd2 e5 (9... Rb8 10. Bh6
Bxh6 11. Qxh6 b5 12. a3 a5 13. Qd2 b4 14. axb4 axb4 15. Nd1 Nd4 16. Ne3 Nec6
17. Nc1 Na5 18. Qd1 Qb6 19. h4 Bb7 20. h5 Rbe8 21. c3 Ndc6 22. Ne2 Ba6 23. Kh1
Ne5 24. c4 Bb7 25. f4 Nd7 26. g4 Nc6 27. f5 Qd8 28. Qe1 Nde5 29. Rd1 Qg5 30.
Nf4 gxh5 31. Nh3 Qg7 32. g5 Ng4 33. Rf4 Nce5 34. Nxg4 hxg4 35. f6 Qg6 36. Qh4
gxh3 37. Bxh3 Kh8 38. Rg1 Nxd3 39. Rfg4 Ne5 40. Rf4 Ra8 41. Kh2 Ra2 42. Rg2
Bxe4 {0-1 Brueckner,T-Mainka,R/BL9192 1992/BL 90}) 10. Nd5 (10. Bh6 Be6 11.
Bxg7 Kxg7 12. f4 f6 13. Nd5 Nd4 14. Ne3 Nxe2+ 15. Qxe2 Qd7 16. Qd2 Rad8 17.
Rae1 b5 18. a3 Bg8 19. Rf2 Nc6 20. Ref1 Ra8 21. h4 a5 22. f5 Ne7 23. Ng4 Kh8
24. Qh6 d5 25. Bh3 gxf5 26. Nxf6 Qe6 27. Nxg8 Qxg8 28. Kh2 dxe4 29. dxe4 Qg6
30. Qxg6 hxg6 31. exf5 gxf5 32. Bxf5 Nxf5 33. Rxf5 Rxf5 34. Rxf5 Rd8 35. Rxe5
Rd2+ 36. Kh3 Rxc2 37. b4 cxb4 38. axb4 axb4 39. Rxb5 Rc4 40. Rb7 Rd4 41. h5 {
1-0 Hug,W-Saeed,S/Thessaloniki olm 1984/BIG 80}) 10... f6 11. Nxe7+ Nxe7 12.
Be3 b6 13. c4 Rb8 14. b4 Be6 15. Rab1 Qd7 16. Nc3 Nc6 17. a3 Nd4 18. f4 exf4
19. Bxf4 Rbe8 20. Rbe1 Kh8 21. h4 Bg4 22. Nb5 Nxb5 23. cxb5 Re6 24. a4 Rfe8 25.
Be3 f5 26. Kh2 fxe4 27. dxe4 Qc7 28. Rc1 h5 29. Bf4 Qe7 30. Bg5 Qc7 31. Bf4 Qe7
32. Bg5 Qc7 33. Bf4 {1/2-1/2 Spassky,B-Fedorowicz,J/Cannes 1987/TD 87\06}) 5...
d6 6. O-O e5 7. d3 Nge7 8. Be3 O-O 9. Qd2 a6 $146 {Controls b5} (9... f5 10.
Bh6 Nd4 11. Nxd4 cxd4 12. Ne2 Qb6 13. Bxg7 Kxg7 14. Rab1 Be6 15. c4 h6 16. b4
Rf7 17. f4 Raf8 18. c5 Qd8 19. cxd6 Qxd6 20. fxe5 Qxe5 21. Nf4 Bc8 22. Rbe1
fxe4 23. Rxe4 Qd6 24. Qb2 Nf5 25. g4 Ne3 26. Rxd4 Qe5 27. Rf2 Nd1 {
0-1 Maggiolo,E-Iwaniuk,D/WchJW-U14 Szeged 1994/TD 94\01}) (9... Be6 10. f4 Qd7
{1/2-1/2 Keitlinghaus,L-Schwarz,M/Budapest Elekes 1994/EXP 41} (10... Qd7 11.
fxe5 Nxe5 12. Bh6 f5 13. Bxg7 Kxg7 14. Nf4 fxe4 15. Nxe4 Bf5 16. Rae1 N7c6 17.
c3 Rae8 18. b3 b6 19. d4 Ng4 20. h3 Nh6 21. Ng5 Rxe1 22. Rxe1 Re8 23. g4 Nxg4
24. hxg4 Bxg4 25. Rxe8 Qxe8 26. Bxc6 Qxc6 27. Nfe6+ Bxe6 28. Nxe6+ Kg8 29. Qf4
Qe8 30. Qf6 {1-0 Neumark,P-Goetz,K/RLNS 1988/BIG 80})) 10. Bh6 (10. f4 exf4 11.
Nxf4 b5 $11) 10... Nd4 (10... Bxh6 11. Qxh6 Qb6 12. Na4 $11) 11. Bxg7 Kxg7 12.
f4 f5 $14 (12... f6 13. Nd1 $11) 13. exf5 Ndxf5 14. fxe5 dxe5 15. Ne4 Nd5 16.
Rfe1 $11 (16. Nxc5 $5 Qd6 17. Nb3 Qb6+ 18. d4 $11) 16... Nde3 $14 (16... b6 $5
$11) 17. Bh1 $11 (17. Nxc5 $5 Nxg2 18. Kxg2 $14) 17... c4 18. g4 $17 (18. Qc3
$142 $5 {must be considered} Nd4 19. Nxd4 (19. dxc4 $4 {a poisoned pawn} Rf1+
20. Rxf1 Nxe2+ 21. Kf2 Nxc3 22. bxc3 Nxf1 23. Kxf1 Qb6 $19) 19... exd4 20. Qd2
$11) 18... Nxg4 (18... Nxg4 19. dxc4 Qxd2 20. Nxd2 Nfe3 $17) 0-1

[Event "Pennant A"]
[Site "Adelaide"]
[Date "1998.11.10"]
[Round "5.4"]
[White "Beltsos, Michael"]
[Black "Wawryck, Stephen"]
[Result "1/2-1/2"]
[WhiteElo "1339"]
[BlackElo "1472"]
[Annotator "Fritz 5.00 - Anderson-Smith,W"]
[PlyCount "81"]
[EventDate "1998.10.13"]
[EventType "team"]
[EventRounds "6"]
[EventCountry "AUS"]

1. e4 c5 {Sicilian Defence} 2. Nf3 g6 (2... Nc6 3. d4 cxd4 4. Nxd4 g6 5. c4 Bg7
6. Be3 Nf6 7. Nc3 O-O 8. Be2 d6 9. O-O Bd7 10. Qd2 Nxd4 11. Bxd4 Bc6 12. f3 a5
13. b3 Nd7 14. Be3 Nc5 15. Rab1 b6 (15... Qb6 16. Rfc1 Rfc8 17. Rc2 Qd8 18. a3
(18. Nd1 Qf8 {1/2-1/2 Ftacnik,L-Smejkal,J/BL9293 1993/BL 90}) 18... Qf8 19. b4
axb4 20. axb4 Ne6 21. Nd5 Ra3 22. Bf2 Rca8 23. Nb6 Ra1 24. Rd1 Rxd1+ 25. Bxd1
Ra1 26. Be3 Ra3 27. Bf2 f5 28. b5 Be8 29. exf5 Qxf5 30. Nd5 Kf8 31. Rc1 Qe5 32.
Rb1 Ra1 33. f4 Qe4 34. Rxa1 Bxa1 35. Bf3 Qxc4 36. f5 gxf5 37. h4 Bxb5 38. Qh6+
Ng7 39. Bg3 Bc6 40. Nxe7 Bxf3 41. Bxd6 Kf7 42. gxf3 Bd4+ 43. Kg2 Qe2+ 44. Kh3
Qf1+ 45. Kh2 Bg1+ {0-1 Filippov,V-Nielsen,P/Minsk 1996/TUR 96}) 16. Bd1 Qb8 17.
a3 Rc8 18. Nd5 Bxd5 19. exd5 a4 20. b4 Nb3 21. Qe2 b5 22. cxb5 Rc3 23. Bxb3
Rxb3 24. Rxb3 axb3 25. Qd3 b2 26. b6 Qe8 27. Rb1 Qa4 28. b7 Rf8 29. Bd4 Bxd4+
30. Qxd4 Qxa3 31. Rxb2 Qa4 32. Re2 Qd7 33. Qa7 Qc7 34. Kf2 Re8 35. b5 Kf8 36.
b6 Qc5+ 37. Kf1 {1-0 Anand,V-Larsen,B/Cannes 1989/CBM 11}) 3. d4 cxd4 4. Nxd4
Bg7 (4... Nf6 5. Nc3 (5. Bd3 Nc6 6. Be3 Bg7 7. c3 d6 8. f3 O-O 9. O-O Bd7 10.
Nd2 a6 11. a4 Ne5 12. Be2 d5 13. Qb3 dxe4 14. Nxe4 Nxe4 15. fxe4 Qc7 16. Nf3
Nxf3+ 17. Bxf3 Be5 18. h3 Be6 19. Qb6 Rfd8 {
Walzer,H-Hilge,A/Hessen qual 1990/GER 02/1-0 (73)}) 5... Bg7 6. e5 Ng8 7. Bf4
Nc6 8. Nxc6 bxc6 9. Bc4 Qa5 10. O-O Bxe5 11. Bxe5 Qxe5 12. Re1 Qg7 13. Ne4 d5
14. Bxd5 cxd5 15. Qxd5 Rb8 16. Rad1 Be6 17. Qc6+ Kf8 18. b3 Qb2 19. Ng5 Bf5 20.
Qd5 Nh6 21. Rd4 Re8 22. g4 f6 23. gxf5 fxg5 24. f6 Nf5 25. fxe7+ Kg7 26. Qe5+
Kf7 27. Qd5+ Kg7 {1/2-1/2 Tseshkovsky,V-Pirrot,D/Baden Baden 1988/TD 88\04}) 5.
Nb3 Nc6 6. Bd3 $146 (6. Be2 d6 7. O-O Be6 8. f4 Qd7 9. Kh1 Nh6 10. Nc3 f5 11.
exf5 Nxf5 12. Ne4 Nfd4 13. Nxd4 Nxd4 14. Bd3 O-O 15. c3 Nf5 16. Qe2 Bd5 17. Bd2
e5 18. fxe5 Bxe5 19. c4 Bc6 20. Bc3 Rae8 {
Pinsi,G-Haskamp,S/Bad Woerishofen 1988/TD 88\04/0-1 (31)}) 6... Nf6 7. O-O O-O
8. c3 {Prevents intrusion on b4+d4} d5 9. exd5 Nxd5 10. Bc4 Nb6 11. Qxd8 Rxd8
12. Be2 e5 $11 (12... Bf5 13. Na3 $15) 13. N1d2 f5 (13... Nd5 14. Nf3 $11) 14.
Nc4 Be6 15. Nxb6 axb6 {Consolidates a5+c5} 16. Be3 Na5 17. Bxb6 Nxb3 18. axb3 {
Secures c4} Rxa1 19. Bxd8 $15 (19. Rxa1 $142 $5 {is noteworthy} Rd2 20. Bd1 $11
) 19... Rxf1+ $11 (19... Ra2 20. c4 $15) 20. Kxf1 Bxb3 21. Be7 Kf7 22. Bc5 Ke6
23. Ke1 Kd5 24. Ba3 Bh6 25. Bb5 Bf4 26. g3 Bc1 27. Be8 Ke4 {
Black activates its king} 28. Ke2 Bc4+ 29. Ke1 Kf3 30. b3 $17 (30. Bd7 $5 $15 {
looks like a viable alternative}) 30... Bxa3 31. bxc4 Bc5 32. Bf7 Bxf2+ 33. Kf1
Be3 $15 (33... b6 $5 $17) 34. Bg8 g5 {Black intends f4} 35. Bxh7 f4 36. gxf4
Bxf4 37. h3 Bd2 38. Bg8 b6 39. Bd5+ e4 40. Be6 Bxc3 41. Bg4+ 1/2-1/2

[Event "Pennant A"]
[Site "Adelaide"]
[Date "1998.11.10"]
[Round "5.1"]
[White "Fraatz, Oliver"]
[Black "Cowley, Robert G"]
[Result "0-1"]
[WhiteElo "1669"]
[BlackElo "1995"]
[Annotator "Fritz 5.00 - Anderson-Smith,W"]
[PlyCount "56"]
[EventDate "1998.10.13"]
[EventType "team"]
[EventRounds "6"]
[EventCountry "AUS"]

1. d4 Nf6 2. c4 c5 3. d5 d6 4. Nc3 g6 5. e4 Bg7 {
Benoni Defence, Czech System (Hromadka Variation)} 6. Nge2 (6. f3 O-O 7. Nge2
e6 8. Ng3 exd5 9. cxd5 b6 (9... Na6 10. Be2 Nc7 11. Bg5 b5 12. Qd2 Ba6 13. a3
Qe8 14. O-O Nd7 15. Bh6 b4 16. Bxg7 Kxg7 17. axb4 Bxe2 18. Ncxe2 Kg8 19. bxc5
Nxc5 20. Nd4 Nb5 21. Nge2 Nxd4 22. Nxd4 a5 23. Rxa5 Rxa5 24. Qxa5 Qb8 25. Qb5
Qxb5 26. Nxb5 Rb8 27. Nxd6 Rxb2 28. Rd1 Kf8 29. Kf1 Ke7 30. Nc4 Rc2 31. Ne3 Ra2
32. Ke1 f6 33. Rd2 Ra3 34. Ke2 Nb3 35. Rb2 Nc1+ 36. Kd2 {
1-0 Gavrikov,V-Barlov,D/Oviedo rapid 1992/TD 92\09}) 10. a4 (10. Be2 Ba6 11.
O-O Bxe2 12. Qxe2 a6 13. a4 Nbd7 14. Bg5 h6 15. Bf4 Ne8 16. Rab1 Qh4 17. Be3
Nc7 18. Rfc1 Rfe8 19. Bf2 Qg5 20. Nf1 Nxd5 21. Nxd5 Qxd5 22. b4 Qc6 23. b5 axb5
24. axb5 Qb7 25. Qd2 Ne5 26. Ne3 Ra3 27. Qxd6 Nd3 28. Nc4 Nxc1 29. Nxa3 Ne2+
30. Kf1 Nd4 31. Nc4 Re6 32. Qd8+ Kh7 33. Ra1 Bf6 34. Qf8 Bg7 35. Qd8 Bf6 36.
Qf8 {1/2-1/2 Czerwonski,A-Urban,K/POL-ch 1992/EXP 29}) 10... Re8 11. Bf4 a6 12.
Be2 Qc7 13. O-O Nbd7 14. Qd2 Rb8 15. Rac1 h5 16. Bg5 Nh7 17. Bh4 b5 18. axb5
axb5 19. Kh1 b4 20. Nd1 Ra8 21. f4 Ndf6 22. Bf3 Ra2 23. Re1 Bh6 24. Nf2 Ba6 25.
e5 dxe5 26. Bg5 Bf8 27. Nfe4 Nxe4 28. Nxe4 exf4 29. Bxf4 Qb6 30. Be3 Ra5 31. d6
Rd8 32. Bxc5 Qb8 33. Bxb4 Rb5 34. Bc3 Bxd6 35. Nxd6 Rxd6 36. Qh6 Nf6 37. Rcd1
Rxd1 38. Bxd1 Rb6 39. Bb3 Qf8 40. Qxg6+ Qg7 41. Bxf7+ Kh8 42. Re8+ {
1-0 Bischoff,K-Gdanski,J/Biel op Torero Preis 1991/EXP 24}) 6... O-O 7. Ng3 e5
(7... Na6 8. Bd3 Nc7 9. O-O Bd7 10. a4 Na6 11. b3 Nb4 12. f4 Nxd3 13. Qxd3 Ng4
14. h3 Nh6 15. Bd2 f5 16. e5 dxe5 17. fxe5 Nf7 18. e6 Bxe6 19. Rae1 Bd7 20. Kh1
Bf6 21. Nce2 e5 22. dxe6 Bxe6 23. Qc2 Bd7 24. Kh2 Bh4 25. Bc3 Bc6 26. Rd1 Qc7
27. Rf3 {0-1 Guthmann,A-Busch,L/PF-op Bellheim 1994/GER 09}) 8. Be2 Ne8 (8...
Na6 9. O-O h5 10. a3 Nh7 11. Be3 h4 12. Nh1 f5 13. exf5 gxf5 14. f4 Bd7 15. Nf2
Qf6 16. Kh1 Kh8 17. Qd2 b6 18. Rae1 Rg8 19. Bh5 Raf8 20. Qd1 Nc7 21. fxe5 dxe5
22. Ng4 Qd6 23. Nf2 {Adianto,U-Hernandez,G/Manila olm 1992/TD 92\02/1-0 (58)})
9. h4 $146 (9. O-O f5 10. f4 exf4 11. Bxf4 g5 12. Bd2 f4 13. Nf5 Bxf5 14. exf5
Bd4+ 15. Kh1 Nf6 16. g3 Bxc3 17. bxc3 Ne4 18. gxf4 Nxd2 19. Qxd2 gxf4 20. Qxf4
Qf6 21. Qe3 Nd7 22. Qe6+ Qf7 23. Bh5 Qxe6 24. dxe6 Nf6 25. Bf7+ Rxf7 26. exf7+
Kxf7 27. Rae1 {1-0 Rivas Pastor,M-Grau,J/Oviedo rapid 1993/EXP 38}) 9... f5 {
Nimzovich: attack the chain at its base} (9... h5 10. Be3 $11) 10. exf5 gxf5
11. Bg5 Qb6 12. Bh5 $15 (12. Na4 $5 {should not be overlooked} Qc7 13. Bd2 $11)
12... Nf6 $11 (12... Qxb2 13. Nb5 f4 14. Ne4 $11) 13. Qd2 (13. b3 Bd7 $11)
13... Na6 $14 (13... f4 $5 14. Bxf6 fxg3 (14... Bxf6 $143 15. Nge4 $14) (14...
Rxf6 $143 15. Nge4 $14) 15. Bxg7 gxf2+ 16. Kf1 Kxg7 17. Qg5+ Kh8 $11) 14. O-O-O
Bd7 15. Be2 Rae8 $16 (15... f4 16. Bxf6 Rxf6 17. Nge4 $16) 16. Nh5 f4 $18 (
16... Nxh5 $5 17. Bxh5 Qb4 18. Bxe8 Rxe8 $16) 17. Nxf6+ $16 (17. Nxg7 $5 Kxg7
18. g3 h6 19. Bxf6+ Rxf6 $16) 17... Bxf6 18. Ne4 Bg7 19. Bh5 Bf5 20. Bxe8 $14 (
20. Rde1 $5 Bxe4 21. Rxe4 $16 (21. Bxe8 Bf5 22. Ba4 Nb4 $15)) 20... Bxe4 {
White now must not overlook the idea Nb4} 21. Bh5 $4 $19 {
weakening the position} (21. Qe1 $142 {would keep White in the game} Bf5 22.
Ba4 $11) 21... Nb4 {Do you see the mate threat?} 22. b3 Nd3+ (22... Qa5 23. a4
Nd3+ 24. Kc2 Nxf2+ 25. Kc1 Qxd2+ 26. Kxd2 Nxh1 27. Rxh1 Bxg2 28. Rb1 $19) 23.
Kb1 Nxf2+ 24. Ka1 Nxh1 25. Rxh1 Bf5 26. Qe2 $4 {shortens the misery for White}
(26. Kb2 Qc7 27. Qe2 $19) 26... e4+ 27. Kb1 (27. Qb2 {does not solve anything}
Qb4 28. Rd1 b5 $19) 27... e3+ 28. Kc1 Qa5 {The mate threat is Qc3} (28... Qa5
29. Qb2 $5 b5 30. cxb5 c4 $19) 0-1

[Event "Pennant A"]
[Site "Adelaide"]
[Date "1998.11.10"]
[Round "5.3"]
[White "Riches, L John"]
[Black "Watters, Daniel"]
[Result "1-0"]
[WhiteElo "1724"]
[BlackElo "1435"]
[Annotator "Fritz 5.00 - Anderson-Smith,W"]
[PlyCount "63"]
[EventDate "1998.10.13"]
[EventType "team"]
[EventRounds "6"]
[EventCountry "AUS"]

1. d4 d5 2. c4 c6 3. Nc3 Nf6 4. Bg5 e6 5. cxd5 exd5 {
Queen's Gambit Declined, Exchange Variation} 6. e3 Be7 (6... Nbd7 7. Bd3 Be7 8.
Qc2 O-O 9. Nf3 Re8 10. O-O Nf8 11. Rab1 Ne4 (11... g6 12. b4 Ne6 13. Bh4 a6 14.
a4 Ng7 15. b5 axb5 16. axb5 Bf5 17. bxc6 bxc6 18. Ne5 Rc8 19. Rb7 Qd6 20. Na4
Bxd3 21. Qxd3 Ne4 22. Bxe7 Rxe7 23. Rxe7 Qxe7 24. Qa6 Qe8 25. Nb6 Rc7 26. Rc1
Ne6 27. f3 Nf6 28. Na8 Rc8 29. Nb6 Rc7 30. Na4 Nd7 31. Nxd7 Qxd7 32. Nc5 Nxc5
33. Rxc5 Qe7 34. Qd3 {1/2-1/2 Van der Sterren,P-Hansen,L/Wijk op 1995/TUR 95})
12. Bxe7 Qxe7 13. b4 a6 14. a4 Bf5 15. Ne5 Rad8 16. Rfc1 Ng6 17. Bxe4 Bxe4 18.
Nxe4 dxe4 19. Nxg6 hxg6 20. b5 cxb5 21. axb5 Rd6 22. bxa6 bxa6 23. Qa4 Qd7 24.
Qxd7 Rxd7 25. Rc5 Ra7 26. Ra5 Kf8 27. Rb6 Rea8 28. h4 Ke7 29. Kh2 Kd7 30. Kg3
Kc7 31. Rb2 Rb7 32. Rc5+ Kb8 33. Ra2 Re7 34. Kf4 Kb7 35. Rb2+ Ka7 36. Rc6 Rh8
37. Ra2 a5 38. Rxa5+ Kb7 39. Rca6 Rxh4+ 40. Kg3 Rh5 41. Ra7+ Kc6 42. R5a6+ Kb5
43. Rxe7 Rg5+ 44. Kh2 Kxa6 45. Rxf7 {
1-0 Karpov,A-Ljubojevic,L/Linares 1989/CBM 11}) 7. Qc2 b5 $14 (7... g6 8. Bd3
Nh5 9. Bxe7 Kxe7 10. Nf3 Re8 11. O-O Kf8 12. Ne5 Ng7 13. Qe2 f6 14. Qf3 Nf5 15.
Bxf5 Bxf5 16. g4 fxe5 17. gxf5 Qg5+ 18. Kh1 Qxf5 19. Qxf5+ gxf5 20. dxe5 Rxe5
21. Rg1 Nd7 22. Rg5 {
Pham Ngoc Tanh-Polgar,S/Novi Sad olw 1990/EXT 90/1/2-1/2 (52)}) (7... Be6 8.
Bd3 Nh5 9. Bxe7 Qxe7 10. Nge2 g6 11. O-O O-O 12. Na4 Nd7 13. Nc5 Nxc5 14. Qxc5
Qxc5 15. dxc5 Ng7 16. Nd4 Bd7 17. b4 Ne6 18. Nb3 b6 19. Rfc1 a5 20. a4 Rfb8 21.
cxb6 Rxb6 22. Nxa5 Rxb4 23. Nxc6 Bxc6 {
1/2-1/2 Onischuk,A-Seirawan,Y/Wijk op 1995/TUR 95}) (7... Na6 8. Bxa6 bxa6 9.
Nf3 h6 10. Bxf6 Bxf6 11. O-O Bg4 12. Nd2 O-O 13. Na4 Rc8 14. Nc5 Be7 15. Rfc1
Bd6 16. h3 Be6 17. Nb7 Qc7 18. Nxd6 Qxd6 19. Qd3 Qb4 20. Nb3 Qb6 21. Rc5 Rfd8
22. Ra5 {Spiess,G-Schmidt,G/BL2-O 1992/BL2/1-0 (48)}) (7... b6 8. Bd3 h6 9. Bh4
O-O 10. Nge2 Na6 11. a3 Re8 12. O-O Nc7 13. f3 c5 14. Rfe1 Rb8 15. Rad1 a5 16.
Bf5 Bxf5 17. Qxf5 g6 18. Qh3 Kg7 19. Bg3 Bd6 20. Bf4 Bxf4 21. Nxf4 Ne6 22.
Nfxd5 Nxd5 23. dxc5 Nec7 24. Qg3 bxc5 25. e4 Rxb2 26. exd5 Rxe1+ 27. Rxe1 Qf6
28. Qe5 Qxe5 29. Rxe5 Rb3 30. Ne4 c4 31. d6 Ne6 32. Nd2 Rxa3 33. Nxc4 Ra1+ 34.
Kf2 a4 35. Ra5 Kf6 36. Ke3 Ng7 37. d7 Rd1 38. Nb6 Ke7 39. Rxa4 Ne6 40. Ra8 Rb1
41. Re8+ {1-0 Juergens,V-Wagner Michel,A/BLW 1992/BIG 90}) (7... h6 8. Bh4 $11)
8. Bd3 Nbd7 (8... Qa5 9. Rc1 $14) 9. Nge2 (9. Nf3 h6 10. Bxf6 Nxf6 $14) 9... h6
10. Bh4 Bb7 11. O-O Rc8 12. a3 {Secures b4} a6 13. b4 a5 14. Rab1 axb4 15. axb4
Nf8 $14 (15... Ra8 16. f3 $11) 16. Bxf6 Bxf6 17. e4 $11 (17. Bf5 Ra8 $14) 17...
dxe4 18. Nxe4 Ne6 {Increasing the pressure on the isolated pawn on d4} (18...
Bxd4 $2 {is no good because of} 19. Nxd4 Qxd4 20. Rfd1 $18) 19. Rbd1 (19. Nxf6+
Qxf6 20. d5 cxd5 21. Bxb5+ Ke7 $11) 19... O-O (19... Nxd4 $2 {
would be great except for} 20. Nxf6+ Qxf6 21. Nxd4 $18) 20. Nc5 {
An ideal square for the white knight.} Ba8 $16 (20... Nxc5 $142 $5 {
must definitely be considered} 21. dxc5 Qc7 $11) 21. Bf5 $14 (21. Nxe6 fxe6 22.
Nf4 Rf7 $16 (22... Bxd4 $4 {the pawn is something Black will choke on} 23. Bh7+
Kh8 24. Ng6+ Kxh7 25. Nxf8+ Kg8 26. Nxe6 $18)) 21... Qd6 22. Bxe6 fxe6 23. Rfe1
Rcd8 24. g3 {Controls h4} Rf7 25. Nf4 Re7 $2 $18 (25... Re8 $142 $16) 26. Ne4 (
26. Nfxe6 $6 {is the less attractive alternative} Rde8 $16) (26. Rxe6 $6 Rxe6
27. Nfxe6 Re8 $18) 26... Qxb4 (26... Qc7 {is not much help} 27. Nxf6+ gxf6 28.
Nxe6 Rxe6 29. Rxe6 $18) 27. Nxf6+ gxf6 28. Nxe6 {Do you see the mate threat?.}
Rde8 (28... f5 29. Qxf5 $1 {the decision} Rxe6 30. Rxe6 Qf8 31. Qg4+ Kh8 $18)
29. Qg6+ Kh8 30. Qxh6+ Kg8 31. Qg6+ Kh8 32. Re4 (32. Re4 Qxd4 33. Rdxd4 c5 34.
Rh4+ Rh7 35. Rxh7#) 1-0